Drafting / (Record no. 5308)

MARC details
000 -LEADER
fixed length control field 00569nam a22002177a 4500
003 - CONTROL NUMBER IDENTIFIER
control field OSt
005 - DATE AND TIME OF LATEST TRANSACTION
control field 20170712174159.0
008 - FIXED-LENGTH DATA ELEMENTS--GENERAL INFORMATION
fixed length control field 170712b xxu||||| |||| 00| 0 eng d
020 ## - INTERNATIONAL STANDARD BOOK NUMBER
International Standard Book Number 9780199592760
040 ## - CATALOGING SOURCE
Original cataloging agency LDCLIB
Transcribing agency LDCLIB
082 ## - DEWEY DECIMAL CLASSIFICATION NUMBER
Edition number 22
Classification number 340.0149
Item number EMM
100 ## - MAIN ENTRY--PERSONAL NAME
Personal name Emmet, David.
9 (RLIN) 7016
245 ## - TITLE STATEMENT
Title Drafting /
Statement of responsibility, etc David Emmet.
250 ## - EDITION STATEMENT
Edition statement 15th ed.
260 ## - PUBLICATION, DISTRIBUTION, ETC. (IMPRINT)
Place of publication, distribution, etc Oxford :
Name of publisher, distributor, etc Oxford University press
Date of publication, distribution, etc 2010.
300 ## - PHYSICAL DESCRIPTION
Extent xix, 432 p. ;
Dimensions 29 cm.
500 ## - GENERAL NOTE
General note Includes Index.
650 ## - SUBJECT ADDED ENTRY--TOPICAL TERM
Topical term or geographic name as entry element Drafting
9 (RLIN) 7017
650 ## - SUBJECT ADDED ENTRY--TOPICAL TERM
Topical term or geographic name as entry element Precedents
9 (RLIN) 6797
942 ## - ADDED ENTRY ELEMENTS (KOHA)
Source of classification or shelving scheme Dewey Decimal Classification
Koha item type Books
Holdings
Withdrawn status Lost status Source of classification or shelving scheme Damaged status Not for loan Home library Current library Shelving location Date acquired Total Checkouts Full call number Barcode Date last seen Copy number Price effective from Koha item type Public note
    Dewey Decimal Classification     Archives Law Development Centre Main Library Text Books and Laws 03/09/2013   340.0149 EMM 4336/2013 03/09/2013 1 03/09/2013 Books  
    Dewey Decimal Classification     Archives Law Development Centre Main Library Text Books and Laws 03/09/2013   340.0149 EMM 4337/2013 03/09/2013 2 03/09/2013 Books Reserve
    Dewey Decimal Classification     Archives Law Development Centre Main Library Text Books and Laws 03/09/2013   340.0149 EMM 4338/2013 03/09/2013 3 03/09/2013 Books Reserve
    Dewey Decimal Classification     Archives Law Development Centre Main Library Text Books and Laws 03/09/2013   340.0149 EMM 4339/2013 03/09/2013 4 03/09/2013 Books Reserve